| Tag |
First Indicator |
Second Indicator |
Subfields |
| LEADER |
00000cam a2200000 a 4500 |
| 001 |
in00004472965 |
| 005 |
20191202143236.0 |
| 008 |
870206m19851987mdua 00010 eng d |
| 035 |
|
|
|a (OCoLC)15158362
|
| 035 |
|
|
|9 AAE2458MS
|
| 035 |
|
|
|z (UtOrBLW)13558
|
| 035 |
|
|
|a 24141
|
| 040 |
|
|
|a HNE
|c HNE
|d AGL
|d TMV
|d UtOrBLW
|
| 049 |
|
|
|a TMVM
|c 1
|v 1
|v 2
|
| 060 |
|
4 |
|a QY 25
|b H676L 1985- 1987
|
| 070 |
0 |
|
|a SF406.H5
|
| 072 |
|
0 |
|a L110
|a L800
|
| 100 |
1 |
|
|a Hitzelberg, R.
|q (Richard)
|
| 245 |
1 |
0 |
|a Laboratory manual for basic biomethodology of laboratory animals /
|c R. Hitzelberg, E. Lundgren, J. Phillips.
|
| 264 |
|
1 |
|a Silver Spring, Md. :
|b MTM Associates,
|c [1985-1987]
|
| 264 |
|
4 |
|c ©1985-1987
|
| 300 |
|
|
|a 2 volumes :
|b chiefly illustrations ;
|c 30 cm.
|
| 336 |
|
|
|a text
|2 rdacontent
|b txt
|
| 337 |
|
|
|a unmediated
|2 rdamedia
|
| 338 |
|
|
|a volume
|2 rdacarrier
|b nc
|
| 505 |
0 |
|
|a v. 1. Mice, rats, guinea pigs and rabbits -- v. 2. Dog, cat, primate.
|
| 650 |
|
2 |
|a Animals, Laboratory
|v Laboratory Manuals.
|
| 650 |
|
2 |
|a Blood Specimen Collection
|x veterinary
|v Laboratory Manuals.
|
| 650 |
|
2 |
|a Injections
|x veterinary
|v Laboratory Manuals.
|
| 650 |
|
2 |
|a Restraint, Physical
|x veterinary
|v Laboratory Manuals.
|
| 650 |
|
2 |
|a Animal Welfare.
|
| 700 |
1 |
|
|a Lundgren, E.
|q (Edward)
|
| 700 |
1 |
|
|a Phillips, J.
|q (Jere)
|
| 999 |
|
|
|a MARS
|
| 999 |
f |
f |
|s 22dee57a-fda9-3cd1-a1e2-450a650ac49a
|i 30710769-853c-3dea-bba4-8b538251c831
|t 0
|
| 952 |
f |
f |
|p ric
|a Texas A&M University
|b Rellis Campus
|c Joint Library Facility
|d Remote Storage
|t 0
|e QY 25 H676L 1985-1987
|h National Library of Medicine classification
|i unmediated -- volume
|k v.1
|m 3238900992046
|
| 952 |
f |
f |
|p ric
|a Texas A&M University
|b Rellis Campus
|c Joint Library Facility
|d Remote Storage
|t 0
|e QY 25 H676L 1985-1987
|h National Library of Medicine classification
|i unmediated -- volume
|k v.2
|m 3238900992057
|
| 998 |
f |
f |
|a QY 25 H676L 1985-1987
|s v.1-v.2
|t 0
|l Remote Storage
|